Skład Arsenalu Sezon 23/24 - Statystyki

Ogólne statystyki
  • Ten quiz został rozwiązany 127 razy
  • Średni wynik to 17 z 25
Statystyki odpowiedzi
Pozycja Nazwisko % Poprawnych
Napastnik Jesus
92%
Obrońca Kiwior
91%
Napastnik Saka
91%
Obrońca Gabriel
89%
Napastnik Martinelli
88%
Bramkarz Raya
87%
Obrońca Saliba
87%
Pomocnik Ødegaard
85%
Bramkarz Ramsdale
84%
Obrońca Zinchenko
84%
Pomocnik Partey
78%
Obrońca White
76%
Pomocnik Rice
72%
Pomocnik Havertz
71%
Obrońca Tomiyasu
64%
Pomocnik Jorginho
62%
Napastnik Nketiah
61%
Napastnik Trossard
59%
Obrońca Timber
50%
Pomocnik Smith Rowe
44%
Napastnik Nelson
42%
Bramkarz Hein
39%
Pomocnik Vieira
29%
Obrońca Cedric
27%
Pomocnik Elnemy
1%
Nie znaleziono quizów pasujących do podanych kryteriów
Rozkład punktacji
Procent ludzi z każdym wynikiem
Percentyl według liczby udzielonych odpowiedzi
Twoja historia wyników
Nie rozwiązałeś tego quizu